Religion Quiz

Random Religion or Bible Quiz

'P' Bible Name Fragments Quiz Stats

 Plays Quiz not verified by Sporcle

Challenge
Share
Tweet
Score 0/12 Timer 03:00
0 Plays Today
% Correct
PRIS
91.8%
PHIL
90%
PET
87.3%
PIL
86.4%
PHI
85.5%
PE
78.2%
PHIN
73.6%
POTI
73.6%
PA
72.7%
PHY
68.2%
PEL
60.9%
PETH
57.3%

You're not logged in!

Compare scores with friends on all Sporcle quizzes.
Join for Free
OR
Log In

You Might Also Like...

Show Comments

Extras

Top Quizzes Today


Score Distribution

Your Account Isn't Verified!

In order to create a playlist on Sporcle, you need to verify the email address you used during registration. Go to your Sporcle Settings to finish the process.

Report this User

Report this user for behavior that violates our Community Guidelines.

Details: